Epistolari de Francesc Martorell i Trabal i de Pere Bosch i Gimpera Amb Ramon d'Abadal i de Vinyals i Amb Ferran Valls i Taberner: 1908-1931
Uloženo v:
| Médium: | Kniha |
|---|---|
| Jazyk: | katalánština |
| Vydáno: |
Barcelona
Promocions Publicacions Universitaries
1991
|
| Edice: | Col-lecció d'Epistolaris Catalans del segle XX. Jaume Sobrequés i Callicó
|
| Témata: | |
| Tagy: |
Přidat tag
Žádné tagy, Buďte první, kdo vytvoří štítek k tomuto záznamu!
|
MARC
| LEADER | 00000nam a2200000 a 4500 | ||
|---|---|---|---|
| 001 | UCV2723 | ||
| 003 | CL-VaPUC | ||
| 008 | 921030e19910000SP |||||||||||||||||cat|d | ||
| 082 | 0 | 4 | |a 866 |b EPI |2 21 |
| 245 | 1 | 0 | |a Epistolari de Francesc Martorell i Trabal i de Pere Bosch i Gimpera Amb Ramon d'Abadal i de Vinyals i Amb Ferran Valls i Taberner: 1908-1931 |
| 300 | |a 310 p | ||
| 942 | |c BK | ||
| 945 | |d 19921030 00:00:00 | ||
| 260 | |a Barcelona |b Promocions Publicacions Universitaries |c 1991 | ||
| 600 | 0 | 7 | |a VALLS Y TABERNER, FERNANDO |2 CL-VaPUC |9 257411 |
| 600 | 0 | 7 | |a BOSCH GIMPERA, PEDRO |2 CL-VaPUC |9 258226 |
| 650 | 7 | |a CARTAS ESPAÑOLAS |2 CL-VaPUC |9 258227 | |
| 583 | |a last modification |c 19921030 00:00:00 |k Rodrigo Vera | ||
| 490 | 0 | |a Col-lecció d'Epistolaris Catalans del segle XX. Jaume Sobrequés i Callicó | |
| 999 | |c 210224 |d 210222 | ||
| 952 | |0 0 |1 0 |4 0 |6 866_000000000000000_EPI_1991 |7 0 |8 P |9 186306 |a BIBDER |b BIBDER |d 2019-11-14 |i 2537737 |o 866 EPI 1991 |p 2537737 |r 2023-01-25 |w 2019-11-14 |y BK |k DER | ||